| 000 | 005960000a22001810004500 | ||
|---|---|---|---|
| 003 | MACL | ||
| 005 | 20160514134532.0 | ||
| 008 | 160514b xxu||||| |||| 00| 0 eng d | ||
| 040 |
_aMACL _cMACL |
||
| 041 | _aHindi | ||
| 082 | _a891.433 BHA | ||
| 100 |
_aभारती, जयप्रकाश _955684 |
||
| 245 |
_aप्रतिनिधि _bबाल कहानियॉ _cजयप्रकाश भारती |
||
| 260 |
_bसमय प्रकाशन _c2005 _aनई दिल्ली |
||
| 350 | _a60 | ||
| 650 |
_aStories _957077 |
||
| 942 |
_cHIN _k891.433/BHA/S _2ddc |
||
| 999 |
_c22179 _d22179 |
||